书目信息 |
| 题名: |
中国农作物病虫图谱
|
|
| 作者: | 关延生 编著 | |
| 分册: | 第十二分册 贮粮病虫 | |
| 出版信息: | 北京 农业出版社 1992 |
|
| 页数: | 81页 | |
| 开本: | 19cm | |
| 丛书名: | ||
| 单 册: | ||
| 中图分类: | S43-64 | |
| 科图分类: | ||
| 主题词: | 作物--病虫害--中国--图谱 , 粮油贮藏--病虫害--中国--图谱 | |
| 电子资源: | ||
| ISBN: | 978-7-109-02597-4 | |
| 000 | 00720nam0 2200229 450 | |
| 001 | 0100393066 | |
| 005 | 20101117092845.0 | |
| 010 | @a978-7-109-02597-4@dCNY4.15 | |
| 100 | @a20021005d1992 em y0chiy0110 ea | |
| 101 | 0 | @achi |
| 102 | @aCN@b110000 | |
| 105 | @aa z 000yy | |
| 106 | @ar | |
| 200 | 1 | @a中国农作物病虫图谱@9Zhong Guo Nong Zuo Wu Bing Chong Tu Pu @i贮粮病虫@f关延生编著@g《中国农业病虫图谱》编绘组编@h第十二分册@b专著 |
| 210 | @a北京@c农业出版社@d1992 | |
| 215 | @a81页@d19cm | |
| 606 | 0 | @a作物@x病虫害@y中国@x图谱 |
| 606 | 0 | @a粮油贮藏@x病虫害@y中国@x图谱 |
| 690 | @aS43-64@v3 | |
| 701 | 0 | @a关延生@9guan yan sheng@4编著 |
| 801 | 0 | @aCN@bAiZhiMarc@c19930223 |
| 905 | @aBZT@dS43@e381@f1@sS43/381 | |
| 中国农作物病虫图谱.贮粮病虫/关延生编著/《中国农业病虫图谱》编绘组编.第十二分册.-北京:农业出版社,1992 |
| 81页;19cm |
| ISBN 978-7-109-02597-4:CNY4.15 |
| ● |
| 相关链接 |
|
|
|
正题名:中国农作物病虫图谱
索取号:S43/381
 
预约/预借
| 序号 | 登录号 | 条形码 | 馆藏地/架位号 | 状态 | 备注 |